000 00557nam a2200229Ia 4500
003 OSt
005 20221005124144.0
006 a|||||r|||| 00| 0
007 ta
008 221004b |||||||| |||| 00| 0 san d
024 _a54175
037 _cTextual
040 _aCRL
_cCRL
_bsan
041 _2san
_asan
082 _aO15,1D40,1, 32K6
100 _aKalidasa
245 0 _aMegha sandesam
260 _c1966
650 _aSANSKRIT LITERATURE
942 _hO15,1D40,1, 32K6
_cTEXL
_2cc
999 _c1049617
_d1049617